000 00729nam a2200229 u 4500
005 20240214063631.0
008 100803s2008 mx r 000 0 spa d
020 _a9789707773745
035 _aUPN01000177218
049 _aCG
050 4 _aPS3591 U4.4
_bA8.2a
100 1 _aAuel, Jean M.,
_d1936-
_930449
245 1 4 _aLos cazadores de mamuts /
_cJean M. Auel ; tr. Edith Zilli.
260 _aMéxico :
_bOcéano :
_bMaeva,
_cc2008.
300 _a767 p. :
_bmapa
440 4 _aLos hijos de la tierra
534 _pTítulo original:
_tThe mammoth hunters
650 4 _aHombre prehistórico
_vNovela
_94080
650 2 _aAyla (Personaje Ficticio)
_vNovela
_94268
650 0 _aÉpoca Glacial
_vNovela
_915063
905 _aLibro
999 _c149321
_d149321